<?xml version="1.0" encoding="UTF-8"?>
<record
    xmlns:xsi="http://www.w3.org/2001/XMLSchema-instance"
    xsi:schemaLocation="http://www.loc.gov/MARC21/slim http://www.loc.gov/standards/marcxml/schema/MARC21slim.xsd"
    xmlns="http://www.loc.gov/MARC21/slim">

  <leader>00495nam a2200145Ia 4500</leader>
  <controlfield tag="008">090124s9999    xx            000 0 und d</controlfield>
  <datafield tag="082" ind1=" " ind2=" ">
    <subfield code="b">401802</subfield>
  </datafield>
  <datafield tag="245" ind1=" " ind2=" ">
    <subfield code="a"> &#x921;&#x93E;&#x915;&#x942;&#x902;&#x91A;&#x940; &#x91F;&#x94B;&#x932;&#x940; &#x906;&#x923;&#x93F; &#x92C;&#x93E;&#x932;&#x935;&#x940;&#x930;</subfield>
  </datafield>
  <datafield tag="250" ind1=" " ind2=" ">
    <subfield code="a">1</subfield>
  </datafield>
  <datafield tag="260" ind1=" " ind2=" ">
    <subfield code="b">&#x92D;&#x93E;&#x917;&#x935;&#x924; &#x932;&#x940;&#x932;&#x93E;&#x935;&#x924;&#x940;</subfield>
    <subfield code="c">1975</subfield>
  </datafield>
  <datafield tag="300" ind1=" " ind2=" ">
    <subfield code="a">107</subfield>
  </datafield>
  <datafield tag="630" ind1=" " ind2=" ">
    <subfield code="a"> &#x921;&#x93E;&#x915;&#x942;&#x902;&#x91A;&#x940; &#x91F;&#x94B;&#x932;&#x940; &#x906;&#x923;&#x93F; &#x92C;&#x93E;&#x932;&#x935;&#x940;&#x930;</subfield>
  </datafield>
  <datafield tag="730" ind1=" " ind2=" ">
    <subfield code="a"> &#x921;&#x93E;&#x915;&#x942;&#x902;&#x91A;&#x940; &#x91F;&#x94B;&#x932;&#x940; &#x906;&#x923;&#x93F; &#x92C;&#x93E;&#x932;&#x935;&#x940;&#x930;</subfield>
  </datafield>
  <datafield tag="942" ind1=" " ind2=" ">
    <subfield code="c">BOOK</subfield>
  </datafield>
  <datafield tag="999" ind1=" " ind2=" ">
    <subfield code="c">198186</subfield>
    <subfield code="d">198186</subfield>
  </datafield>
  <datafield tag="952" ind1=" " ind2=" ">
    <subfield code="0">1</subfield>
    <subfield code="1">0</subfield>
    <subfield code="4">0</subfield>
    <subfield code="7">0</subfield>
    <subfield code="a">THNMGS</subfield>
    <subfield code="b">THNMGS</subfield>
    <subfield code="d">0000-00-00</subfield>
    <subfield code="g">8.00</subfield>
    <subfield code="l">0</subfield>
    <subfield code="o">401802</subfield>
    <subfield code="p">THNMGS-401802</subfield>
    <subfield code="r">2009-01-24 00:00:00</subfield>
    <subfield code="v">8.00</subfield>
    <subfield code="w">2009-01-24</subfield>
    <subfield code="y">BOOK</subfield>
  </datafield>
</record>
